000 01373cad a22002055a 4500
001 L160093
008 120529s2009 xxk g 000 0 eng d
035 _a(Sirsi) u160093
041 0 _aeng
110 _aFederation International Des Geometres
111 2 _aFIG Working Week 2009
_bEilat, Israel
_c3-8 May 2009
245 0 0 _aFIG Working Week 2009
_bSurveyors key role in accelerated development
_h[electronic resource]
260 _aEilat
_bFIG
_c2009
520 _aPresents papers from the 2009 International Federation of Surveyors conference. The conference theme was Surveyors key role in accelerated development. Discusses various measures to preserve and protect our fragile global environment. The "Location Strategy" of the British government and the Ordnance Survey slogan "everything happens somewhere" was a key issue in the conversation as well as the Swiss definition of mapping and cadastral data as national infrastructure. The group of the FIG Young Surveyors conducted a session and a few discussions regarding the encourgment of students and young professionals to take an active role at FIG.
650 2 4 _aCAREERS, EDUCATION AND TRAINING
651 4 _aInternational
690 _aGeomatics
_96242
856 4 0 _uhttps://fig.net/resources/proceedings/fig_proceedings/fig2009/techprog.htm
_zView the proceedings free of charge at fig.net
942 _n0
999 _c121059
_d121059